MARC

LEADER 00000nam0a2200000 4500
001 356904
005 20231102010935.0
035 |a (RuTPU)RU\TPU\retro\14164 
090 |a 356904 
100 |a 20200724d1973 km y0rusy50 ca 
101 1 |a rus  |c pol 
102 |a RU 
105 |a a z 000zy 
200 1 |a Репортаж из Сайгона  |e пер. с пол.  |f М. Варненска  |g пер. Я. О. Немчинского 
210 |a Москва  |c Прогресс  |d 1973 
215 |a 335 с.  |c ил. 
606 1 |a Вьетнам  |x Политика  |2 stltpush  |3 (RuTPU)RU\TPU\subj\75382  |9 87195 
610 1 |a вьетнамская война 
610 1 |a 20 век 
610 1 |a история 
610 1 |a публицистика 
610 1 |a американская агрессия 
610 1 |a Южный Вьетнам 
686 |a Ф2(5В)  |v LBC/SL-A  |2 rubbk 
700 1 |a Варненска  |b М.  |g Моника 
702 1 |a Немчинский  |b Я. О.  |4 730 
801 1 |a RU  |b 63413507  |c 20200724 
801 2 |a RU  |b 63413507  |c 20210405  |g RCR 
942 |c BK